Elektrické a optické káble. Skúšobné metódy pre nekovové materiály : Časť 202: Všeobecné skúšky. Meranie hrúbky nekovových plášťov. Zmena A1. STN EN 60811-202/A1. 34 7010

Salvato in:
Dettagli Bibliografici
Natura: Libro
Lingua:inglese
Pubblicazione: Bratislava : Úrad pre normalizáciu, metrológiu a skúšobníctvo Slovenskej republiky, 2018
Tags: Aggiungi Tag
Nessun Tag, puoi essere il primo ad aggiungerne!!

MARC

LEADER 00000nam a22000003a 4500
001 0118314
003 SK-STU
005 20251125133818.5
007 ta
008 251125s ----xo-----e------000-0-----d
040 |a STU  |b slo 
041 0 |a eng 
044 |a xo 
245 1 0 |a Elektrické a optické káble. Skúšobné metódy pre nekovové materiály :  |b Časť 202: Všeobecné skúšky. Meranie hrúbky nekovových plášťov. Zmena A1. STN EN 60811-202/A1. 34 7010 
260 |a Bratislava :  |b Úrad pre normalizáciu, metrológiu a skúšobníctvo Slovenskej republiky,  |c 2018 
300 |a 7 s. 
996 |b 284EO00690  |c E*O- 690  |l EE32  |s P  |a 0  |w 0118314_0001